Επιλογή επαγγέλματος : πραγματικότητα ή μύθος;
Saved in:
| Main Author: | |
|---|---|
| Corporate Author: | |
| Format: | Book |
| Language: | Greek |
| Published: |
Αθήνα :
Εθνικό Κέντρο Κοινωνικών Ερευνών,
1989.
|
| Subjects: | |
| Tags: |
Add Tag
No Tags, Be the first to tag this record!
|
MARC
| LEADER | 00000cam a2200000 i 4500 | ||
|---|---|---|---|
| 001 | 1/47347 | ||
| 008 | 941103s1989 gr | ||| |||| ||gre|| | ||
| 020 | |a 9607093062 | ||
| 035 | |a 1989 |c ΔΩΡΕΑ |l 10043039 | ||
| 035 | |a 1989 |b 3 |c Δωρεά | ||
| 040 | |a GR-MyUA |b gre |e AACR2 | ||
| 041 | 0 | |a gre | |
| 082 | 0 | |a 331.702 | |
| 100 | 1 | |a Κασιμάτη, Κούλα. | |
| 245 | 1 | 0 | |a Επιλογή επαγγέλματος : |b πραγματικότητα ή μύθος; / |c Κούλα Κασιμάτη. |
| 260 | |a Αθήνα : |b Εθνικό Κέντρο Κοινωνικών Ερευνών, |c 1989. | ||
| 300 | |a 114 σ. ; |c 21 εκ. | ||
| 504 | |a Περιλαμβάνει βιβλιογραφικές αναφορές και ευρετήριο. | ||
| 650 | 0 | 0 | |a Vocational guidance. |
| 710 | 2 | |a Εθνικό Κέντρο Κοινωνικών Ερευνών. | |
| 852 | |a INST |b CHIOS |e 19960618 |h 331.702 ΚΑΣ |p 005200007783 |q 005200007783 |t BK |y 0 | ||
| 852 | |a INST |b CHIOS |e 19960618 |h 331.702 ΚΑΣ |p 005200007784 |q 005200007784 |t BK |y 0 | ||
| 852 | |a INST |b LESVOS |e 19950413 |h 331.702 ΚΑΣ |p 005100001742 |q 005100001742 |t BK |y 0 | ||
| 852 | |a INST |b RHODES |e 19970123 |h 331.702 ΚΑΣ |p 005400000493 |q 005400000493 |t BK |y 0 | ||
| 852 | |a INST |b SAMOS |e 19941103 |h 331.702 ΚΑΣ |p 005300000259 |q 005300000259 |t BK |y 0 | ||
| 909 | |a Σ |b 017240 | ||
| 909 | |a Ρ |b 017378 | ||
| 909 | |a Χ |b 015607 | ||
| 909 | |a Χ |b 013531 | ||
| 909 | |a Λ |b 015728 | ||
| 922 | |a 1ΔΩΡ |b 198912 |c ΕΚΚΕ | ||